Alle Trikotsponsoren des Hamburger SV - Statistiken

Allgemein
  • Dieses Quiz wurde 238 mal gespielt
  • Das Durchschnittsergebnis liegt bei 28 aus 49
Antwortstatistiken
Saison Sponsor % Korrekt
2006/07 Fly Emirates
89%
2007/08 Fly Emirates
89%
2008/09 Fly Emirates
89%
2009/10 Fly Emirates
89%
2010/11 Fly Emirates
89%
2011/12 Fly Emirates
89%
2012/13 Fly Emirates
89%
2013/14 Fly Emirates
89%
2014/15 Fly Emirates
89%
2015/16 Fly Emirates
89%
2016/17 Fly Emirates
89%
2017/18 Fly Emirates
89%
2018/19 Fly Emirates
89%
2019/20 Fly Emirates
89%
2022/23 Hanse Merkur
76%
2020/21 Orthomol
68%
2021/22 Orthomol
68%
1994/95 TV Spielfilm
68%
2000/01 TV Spielfilm
68%
2001/02 TV Spielfilm
68%
2002/03 TV Spielfilm
68%
1979/80 BP
52%
1980/81 BP
52%
1981/82 BP
52%
1982/83 BP
52%
1983/84 BP
52%
1984/85 BP
52%
1985/86 BP
52%
1986/87 BP
52%
1995/96 Hyundai
42%
1996/97 Hyundai
42%
1997/98 Hyundai
42%
1998/99 Hyundai
42%
1999/00 Hyundai
42%
2003/04 Adig Investment
35%
2004/05 Adig Investment
35%
2005/06 Adig Investment
35%
1987/88 Sharp
34%
1988/89 Sharp
34%
1989/90 Sharp
34%
1990/91 Sharp
34%
1991/92 Sharp
34%
1992/93 Sharp
34%
1993/94 Sharp
34%
1976/77 Hitachi
28%
1977/78 Hitachi
28%
1978/79 Hitachi
28%
1974/75 Campari
25%
1975/76 Campari
25%
Keine übereinstimmenden Quizze gefunden
Verteilung der Resultate
Anzahl Personen mit jedem Resultat
Perzentil nach korrekt beantworteten Fragen
Ihre Resultats-Entwicklung
Sie haben dieses Quiz noch nicht gespielt